• 首页
  • 本馆介绍
  • 公告通知
  • 最新文献
  • 馆藏检索
  • 电子资源
  • 读者导购
  • 参考咨询
  • 我的图书馆
  • 登录
  • 详细信息显示
  • 放入我的书架
  • 预约/预借图书
  • 作者相关作品
  • 分类相关作品
  • 丛书相关作品
  • 出版社相关作品

书目信息

  • 表格格式
  • 工作单格式
  • 卡片格式
题名:
幻灯机和幻灯片
    
 
作者: 《幻灯机和幻灯片》编写组编
分册:  
出版信息: 上海   上海人民出版社  1977
页数: 119页
开本: 19cm
丛书名: 少年科技活动丛书
单 册:
中图分类: TB857
科图分类:
主题词: 幻灯机 , 摄影--机具 , 摄影--设备
电子资源:
ISBN:
000 00660nam0 2200253 45 980
001 0660940479
005 20060727165618.60
010    @dCNY0.27
091    @aR13171.192
100    @a19971217d1977 m y0chiy0121 ea
101 0  @achi
102    @aCN@b310000
105    @ay 000yy
200 10 @a幻灯机和幻灯片@f《幻灯机和幻灯片》编写组编@A幻 deng ji he幻 deng pian
210    @a上海@c上海人民出版社@d1977
215    @a119页@c图@d19cm
225 2  @a少年科技活动丛书
410  0 @1 20010@a少年科技活动丛书
606    @a幻灯机
606 0  @a摄影@x机具
606 0  @a摄影@x设备
690    @aTB857@v3
801 0  @c20060727
905    @a10447@dTB857@e117
    
    幻灯机和幻灯片/《幻灯机和幻灯片》编写组编.-上海:上海人民出版社,1977
    119页:图;19cm .-(少年科技活动丛书 )
    
    
    ISBN :CNY0.27
    
●
相关链接 在E读中查询图书 在五车中查询图书 在当当中查询图书 在豆瓣中查询图书


正题名:幻灯机和幻灯片     索取号:TB857/117         预约/预借

序号 登录号 条形码 馆藏地/架位号 状态 备注
1 0438858   204388581   密集书库/ [索取号:TB857/117] 在馆    
唐山师范学院图书馆 欢迎您!
大连网信软件有限公司© 版权所有